| 000 | 00637nam a2200217Ia 4500 | ||
|---|---|---|---|
| 005 | 20241129104132.0 | ||
| 008 | 241129s9999||||xx |||||||||||||| ||und|| | ||
| 020 | _a9781501754821 | ||
| 037 | _aTextual | ||
| 040 |
_aRTL _beng _cRTL |
||
| 041 |
_aeng _2eng |
||
| 084 |
_aX:(Z) R1 _qRTL |
||
| 100 |
_aBasu Kaushik; Hockett Robert C. _9724932 |
||
| 245 | 0 |
_aLaw,economics and conflict _cBasu Kaushik; Hockett Robert C. |
|
| 260 |
_aLondon _bCornell University Press _c2021 |
||
| 300 | _avii,223p. | ||
| 365 |
_aINR _b2310.04 |
||
| 650 |
_aLaw and Economics _9431663 |
||
| 942 |
_cTB _hX:(Z) R1 |
||
| 999 |
_c1224572 _d1224572 |
||